| 000 | 00315nam a2200109 4500 | ||
|---|---|---|---|
| 999 |
_c9512 _d9512 |
||
| 008 | 180706b ||||| |||| 00| 0 eng d | ||
| 245 | _aAlert raised over toxic cosmetics. | ||
| 260 |
_aPhilippines _bPhilippine Daily Inquirer _cc2016 |
||
| 300 | _apage A18. | ||
| 650 | 0 |
_928279 _aPoison and poisoning. |
|
| 942 |
_2ddc _cPER |
||